<?xml version="1.0" encoding="UTF-8"?>
<collection xmlns="http://www.loc.gov/MARC21/slim">
 <record>
  <leader>01462nam a2200229Ia 4500</leader>
  <controlfield tag="001">CTU_181181</controlfield>
  <controlfield tag="008">210402s9999    xx            000 0 und d</controlfield>
  <datafield tag="020" ind1=" " ind2=" ">
   <subfield code="c">125000</subfield>
  </datafield>
  <datafield tag="082" ind1=" " ind2=" ">
   <subfield code="a">616.85</subfield>
  </datafield>
  <datafield tag="082" ind1=" " ind2=" ">
   <subfield code="b">T120</subfield>
  </datafield>
  <datafield tag="100" ind1=" " ind2=" ">
   <subfield code="a">Lê, Thị Minh Tâm</subfield>
  </datafield>
  <datafield tag="245" ind1=" " ind2="0">
   <subfield code="a">Tiếp cận trị liệu nhận thức hành vi :</subfield>
  </datafield>
  <datafield tag="245" ind1=" " ind2="0">
   <subfield code="b">Phối hợp giữa lý thuyết và thực hành - Áp dụng trong tham vấn tâm lý và hỗ trợ sức khỏe tinh thần</subfield>
  </datafield>
  <datafield tag="245" ind1=" " ind2="0">
   <subfield code="c">Lê Thị Minh Tâm</subfield>
  </datafield>
  <datafield tag="260" ind1=" " ind2=" ">
   <subfield code="a">Hà Nội</subfield>
  </datafield>
  <datafield tag="260" ind1=" " ind2=" ">
   <subfield code="b">Thời Đại</subfield>
  </datafield>
  <datafield tag="260" ind1=" " ind2=" ">
   <subfield code="c">2013</subfield>
  </datafield>
  <datafield tag="520" ind1=" " ind2=" ">
   <subfield code="a">Sách tiếp cận trị liệu nhận thức hành vi dành cho những nhân viên CTXH đang làm việc tại các cơ sở xã hội, các trung tâm tham vấn và hỗ trợ cộng đồng, giáo viên, chuyên gia tham vấn tâm lý và những người có quan tâm đến việc chăm sóc và hỗ trợ trẻ. Bên cạnh đó, kiến thức này rất cần thiết cho sinh viên đang theo học các ngành Công tác xã hội, Tâm lý học, Giáo dục học, Xã hội học tại các trường đại học.</subfield>
  </datafield>
  <datafield tag="650" ind1=" " ind2=" ">
   <subfield code="a">Borderline personality disorder,Rối loạn nhân cách ranh giới</subfield>
  </datafield>
  <datafield tag="650" ind1=" " ind2=" ">
   <subfield code="x">Treatment,Điều trị</subfield>
  </datafield>
  <datafield tag="904" ind1=" " ind2=" ">
   <subfield code="i">Hải</subfield>
  </datafield>
  <datafield tag="980" ind1=" " ind2=" ">
   <subfield code="a">Trung tâm Học liệu Trường Đại học Cần Thơ</subfield>
  </datafield>
 </record>
</collection>
